000 01916nam0a22004211 4500
001 RU\NLR\Evr\2720
005 20251202160538.0
035 _a(NLR Aleph) 011419107
090 _a11597755
_c11597755
100 _a20080110d1926 u y0rusy50 ca
101 1 _ayid
102 _aRU
105 _ay |||||||||
200 1 _6a01
_7ba
_aLeyb-aygentum-kinder
_fUnter der redakysie fun A.S. Rabinovitsh un A. Kushnirov
210 _6a01
_aMoskve
_cTsentraler farlag far di felker fun FSSR
_d1926
_7ba
210 _6a01
_9z02
_aמאָסקווע
_cצענטראלער פארלאג פאר די פעלקער פון פססר
_d1926
210 _9z02
_aМосква
_cЦентральное издательство народов СССР
_d1926
_7ca
215 _a190 с.
_d17 см.
225 1 _6a01
_7ba
_aKinder fun arbet un kamf
_vErshter bukh
225 1 _6a01
_7ha
_9z02
_aקינדער פון ארבעט און קאמף
_vערשטער בוך
225 1 _7ca
_9z02
_aДети труда и борьбы
_vПервая книга
510 1 _6a01
_aלייב-אייגנטום-קינדער
_fאונטער דער רעדאקציע פון א. ס. ראבינאָוויטש און א. קושניראָוו
541 1 _aКрепостные дети
_zrus
702 1 _6a01
_aКушниров
_bА. Д.
_f1890-1949
_gАрон Давидович
_3RU\NLR\AUTH\7948916
_4340
_7ca
702 1 _6a01
_aРабинович
_bА.С.
_3RU\NLR\AUTH\7949647
_4220
_7ca
702 1 _6a01
_aRabinovitsh
_bA.S.
_4340
_7ba
702 1 _6a01
_aקושניראָוו
_b
_gארן
_4340
_7ha
702 1 _6a01
_aראבינאָוויטש
_b.א.ס
_4340
_7ha
702 1 _6a01
_aKushnirov
_bA.
_gAron
_4340
_7ba
801 0 _aRU
_bNLR
_c20080110
_gpsbo
801 0 _aRU
_bNLR
_gPSBO
801 1 _aRU
_bNLR
_c20080110
_2rusmarc
801 2 _aRU
_bNLR
_c20080110
_2rusmarc
852 _aNLR
_bОЛСАА/идиш
_jК-1443
942 _cBOOK
980 _aNB
980 1 _aIDISH